L'islam au péril des femmes: une anglaise en turquie au XVIIIe siécle

Gardado en:
Detalles Bibliográficos
Autor Principal: Montagu, Mary, Lady (autora)
Formato: Libro
Idioma:francés
Publicado: París Editions la Découverte 1991
Edición:1a. ed
Series:La Découverte, 41
Subjects:
Tags: Engadir etiqueta
Sen Etiquetas, Sexa o primeiro en etiquetar este rexistro!

MARC

LEADER 00000cam a2200000 a 4500
001 UCD9375
003 CL-VaPUC
008 170616e19910000fr |||||||||||||||||fre|d
020 |a 2707112569 
082 0 4 |a 297.197  |b MON  |2 21 
100 |a Montagu, Mary,  |c Lady   |e autora  |9 593074 
245 1 0 |a L'islam au péril des femmes: une anglaise en turquie au XVIIIe siécle 
250 |a 1a. ed 
300 |a 253 p 
942 |c BK 
945 |d 20170616 21:05:00  |a arojas 
260 |a París  |b Editions la Découverte  |c 1991 
650 7 |a ISLAM  |2 CL-VaPUC  |9 349147 
650 0 |a Mujeres  |9 257649 
650 0 |a Musulmanes  |9 332296 
583 |a last modification  |c 20170616 21:05:00  |k Rodrigo Vera 
490 0 |a La Découverte, 41 
999 |c 368585  |d 368583 
952 |0 0  |1 0  |3 erb  |4 0  |6 297_197000000000000_MON_1991  |7 0  |8 A  |9 483943  |a FDOLAF  |b FDOLAF  |e Laffi, Umberto, 1939-  |i 5397294  |o 297.197 MON 1991  |p 5397294  |r 2024-01-30  |w 2019-11-24  |y BK  |z Catalogado en:20170616  |k LAF